000 00850nam a2200253Ia 4500
003 OSt
005 20221005104548.0
006 a|||||r|||| 00| 0
007 ta
008 221004b |||||||| |||| 00| 0 hin d
024 _a32296
037 _cTextual
040 _aCRL
_cCRL
_bhin
041 _2hin
_ahin
082 _aO152,3NUP,1, M5
100 _aउपाध्याय, विश्वंभर नाथ
245 0 _aदूसरा भूतनाथ
246 _aDūsarā bhūtanātha
260 _aदिल्ली
_bराजपाल एण्ड सन्ज़ भारत
_c1985
300 _a350पृ.
_ccm.
650 _aहिन्दी कहानी
942 _hO152,3NUP,1, M5
_cTEXL
_2cc
999 _c1013098
_d1013098